000 00205nam a22000857a 4500
008 170123b xxu||||| |||| 00| 0 eng d
100 _92537
_aChawla.A
245 _aGlobal Warming
260 _aNew Delhi
_bDP
_c2010
999 _c5626
_d5626